Institutiones romano-hispanae ad usum tironum hispanorum ordinatae (Record no. 8611)

MARC details
000 -CABECERA
campo de control de longitud fija 00786nam a2200229 a 4500
001 - NÚMERO DE CONTROL
campo de control BRCA_8960
005 - FECHA Y HORA DE LA ÚLTIMA TRANSACCIÓN
campo de control 20190320210455.0
008 - DATOS DE LONGITUD FIJA--INFORMACIÓN GENERAL
campo de control de longitud fija 050717s1789----sp-#######---#000-0#lat-#
041 ## - CÓDIGO DE LENGUA
Código de lengua del texto/banda sonora o título independiente spa
044 ## - CÓDIGO DEL PAÍS DE LA ENTIDAD EDITORA/PRODUCTORA
Código MARC del país lat
084 ## - OTRO NÚMERO DE CLASIFICACIÓN
Número de clasificación BE151
Número de documento/Ítem .S25 1789
100 1# - ENTRADA PRINCIPAL--NOMBRE DE PERSONA
Nombre de persona Sala, Joannis
Fechas asociadas al nombre 1731-1806
9 (RLIN) 22260
245 10 - MENCIÓN DE TÍTULO
Título Institutiones romano-hispanae ad usum tironum hispanorum ordinatae
Mención de responsabilidad, etc. opera Joannis Sala, praepositi valentini.
260 ## - PUBLICACIÓN, DISTRIBUCIÓN, ETC.
Lugar de publicación, distribución, etc. Valentiae
Nombre del editor, distribuidor, etc. Typis Salvatoris Faulí
Fecha de publicación, distribución, etc. 1789
300 ## - DESCRIPCIÓN FÍSICA
Extensión [2], 486 p. (t.2)
Dimensiones 21.8 x 15.8 cm
500 ## - NOTA GENERAL
Nota general Estado físico: presenta encuadernación en pergamino
500 ## - NOTA GENERAL
Nota general Superiorum permissu
650 14 - PUNTO DE ACCESO ADICIONAL DE MATERIA--TÉRMINO DE MATERIA
Término de materia o nombre geográfico como elemento de entrada Derecho
Subdivisión cronológica Obras anteiores a 1800
Subdivisión geográfica España
9 (RLIN) 22261
650 14 - PUNTO DE ACCESO ADICIONAL DE MATERIA--TÉRMINO DE MATERIA
Término de materia o nombre geográfico como elemento de entrada Derecho romano
Subdivisión cronológica Obras anteiores a 1800
9 (RLIN) 22262
902 ## - CATALOGADOR
Iniciales CFM
942 ## - ELEMENTOS DE PUNTO DE ACCESO ADICIONAL (KOHA)
Fuente del sistema de clasificación o colocación Library of Congress Classification
Tipo de ítem Koha Libros
Holdings
Estado de retiro Estado de pérdida Estado dañado No para préstamo Localización permanente Ubicación/localización actual Fecha de adquisición Total de préstamos Signatura topográfica completa Código de barras Fecha visto por última vez Precio válido a partir de Tipo de ítem Koha
El ejemplar forma parte de la colección y puede ser consultado según las políticas vigentes.       Biblioteca del Museo Franz Mayer (Rogerio Casas-Alatriste) Biblioteca del Museo Franz Mayer (Rogerio Casas-Alatriste) 05/07/2017   BE151 .S25 1789 CFM00369 22/03/2019 22/03/2019 Libros